00298nam a2200121Ia 4500008004100000100002500041245003600066260002800102300001000130650001200140942000700152999001700159190216s9999||||xx |||||||||||||| ||und|| aNarayana Reddy P Dr 0aElements Of Electrical Networks bKhanna Publishersc1981 a576 p aPhysics cBK c32994d32994